000 00715nam a2200253 a 4500
001 84033
003 BD-RjUL
005 20240924152726.0
008 240924s1983 caua b 001 0 eng
020 _a0534012167
035 _a(BD-RjUL)84033
040 _aDLC
_cDLC
_dDLC
_dBD-RjUL
_beng
041 _aeng
082 0 0 _223
_a100
_bBAP 1983
100 1 _aBarry, Vincent E.
_913590
245 1 0 _aPhilosophy :
_b a text with readings /
_cVincent Barry.
250 _a2nd ed.
260 _aBelmont, Calif. :
_bWadsworth,
_cc1983.
300 _axvii, 525 p. :
_bill. ;
_c25 cm.
500 _aIncludes index.
504 _aBibliography: p. 505-515.
650 0 _aPhilosophy
_vIntroductions.
_913591
942 _2ddc
_cBK
999 _c84033
_d84033